ბათუმის შოთა რუსთაველის სახელმწიფო უნივერსიტეტის ბიბლიოთეკა

ქართველი კლასიკოსები / (ბიბ.ჩანაწერი № 55882)

000 -ლიდერი
ფიქსირებული სიგრძის საკონტროლო ველი 00917nam a2200229Ia 4500
001 - საკონტროლო ნომერი
საკონტროლო ველი 22980
003 - საკონტროლო ნომრის იდენტიფიკატორი
საკონტროლო ველი GE_BSU
005 - ბოლო ოპერაციის თარიღი და დრო
საკონტროლო ველი 20230607115615.0
008 - ფიქსირებული სიგრძის მონაცემთა ელემენტები - ზოგადი ინფორმაცია
ფიქსირებული სიგრძის საკონტროლო ველი 181216s ||||ge |||||||||||||| ||geo||
040 ## - კატალოგიზაციის წყარო
Transcribing agency GE_BSU
041 ## - ენის კოდი
Language code of text/sound track or separate title geo
080 ## - უნივერსალური ათობითი კლასიფიკაციის ინდექსი
Universal Decimal Classification number 821.353.1.092 ა-17
100 ## - მთავარი ჩანაწერი - პიროვნების სახელი
Personal name აბზიანიძე, გიორგი
9 (RLIN) 18536
245 ## - ცნობა სათაურის შესახებ
Title ქართველი კლასიკოსები /
Statement of responsibility, etc გიორგი აბზიანიძე ; რედ. ს. ჭილაია.
264 ## - წარმოების, გამოცემის, დისტრიბუციის და სხვა ცნობები
გამოცემის, წარმოების, დისტრიბუციის... ადგილი თბილისი :
გამოცემის, წარმოების, დისტრიბუციის... სახელწოდება სახელგამი,
გამოცემის, წარმოების, დისტრიბუციის... თარიღი 1950.
300 ## - ფიზიკური აღწერა
Extent 296 გვ. ;
Dimensions 21სმ.
653 ## - INDEX TERM--UNCONTROLLED
Uncontrolled term ქართველი კლასიკოსები
653 ## - INDEX TERM--UNCONTROLLED
Uncontrolled term ქართული ლიტერატურის კლასიკოსები
700 ## - ADDED ENTRY--PERSONAL NAME
Personal name ჭილაია, ს.
Relator term რედაქტორი
9 (RLIN) 4657
942 ## - ADDED ENTRY ELEMENTS (KOHA)
Koha item type წიგნი
Source of classification or shelving scheme
ეგზემპლარები
ჩამოწერის სტატუსი დაკარგული ეგზემპლარის სტატუსი კლასიფიკაციის წყარო ან თაროზე გაწყობის სქემა დაზიანების სტატუსი არ გაიცემა მუდმივი მდებარეობა (დაცვის ადგილი) ამჟამინდელი ადგილსამყოფელი თაროზე განთავსების ადგილი შეძენის თარიღი ღირებულება, შესყიდვის ნორმალური ფასი სრული შენახვის შიფრი შტრიხკოდი ბოლო ოპერაციის თარიღი ეგზემპლარის მიმდევრობითი ნომერი (კეტერი?) ფასის ძალაში შესვლის თარიღი ეგზემპლარის სახეობა საჯარო შენიშვნა
          ბათუმის შოთა რუსთაველის სახელმწიფო უნივერსიტეტის მთავარი ბიბლიოთეკა ბათუმის შოთა რუსთაველის სახელმწიფო უნივერსიტეტის მთავარი ბიბლიოთეკა წიგნსაცავი 2018-12-17 3.60 821.353.1.092 ა-17 58365 2018-12-17 58365 2018-12-17 წიგნი 3.60 ₾.